000 01821nam a2200397 a 4500
999 _c119951
_d119951
003 BLK
005 20240731163021.0
008 180409b bul|||||r ||||||| ||bul||
010 _aKNG00125567000
020 _a954-8164-04-3
040 _aBLK
041 _aBUL
_cBUL
080 _aЛитература в основното училище. Методика на обучението
_b373.3.016:821
_x(072)
_z373.3.016:821(072)
080 _aЛитература
_b82
_x(072)
_z82(072)
100 1 _aДобрев, Добрин Начев
_eпърви автор
_9363307
139 _aДобрев, Добрин Начев и др.
_bД 66
245 1 0 _aЛитературно образование и интерпретация на художествен текст в училище
_bМетод. ръководство за учители
_cДобрин Начев Добрев; съавт. Теменуга Тенева.
257 _aBGR
260 _aШумен
_bГлаукс
_c1992
_fРусе : Дунав прес
300 _a126 с.
_c20 см
380 _a3
490 _aНова литературна библиотека
_vСвит. 1
_9201162
500 _aОфс. изд. - Библиогр. с. 122-124.
650 4 _aЛитература - методика на преподаването
_9242854
653 _aлитература
653 _aинтерпретации
653 _aметодика на преподаването
700 1 _aТенева, Теменуга
_eсъавт.
_9316404
852 _aЦб 170931
_bЦб
856 4 _qpdf
_i0.00
_ldisable
856 4 _qpdf
_i0.00
_ldisable
942 _cKNG
_n0
_04
_s1
944 _aCR
_c09.09.2011
_lЦветелина Шанова
_k30531
944 _aED
_c12.10.2011
_lф / 09.09.2011
999 _d119951